000 03217 a2200289 4500
003 NALT
005 20250721111232.0
008 250612b th ||||| |||| 00| 0 tha d
020 _a9786168339251
040 _aNALT
041 1 _atha
_heng
050 _aTK 5103.7
_bด291ร 2566
100 1 _aดะวาน, เอริกา.
_966064
245 1 0 _aรู้หน้า (จอ) ไม่รู้ใจ : ถอดรหัสภาษากายดิจิทัลเพื่อการสื่อสารธุรกิจ-สานสัมพันธ์ในชีวิตยุคใหม่ =
_bDigital body language : how to build trust and connection, no matter the distance /
_cโดย Erica Dhawan ; สุญญาตา เมี้ยนละม้าย, แปล
250 _aพิมพ์ครั้งที่ 1.
260 _aกรุงเทพฯ :
_bบุ๊คสเคป,
_c2566.
300 _a318 หน้า :
_bภาพประกอบ, ตาราง ;
_c21 ซม.
505 2 _aส่วนที่หนึ่ง องค์ประกอบของรูปแบบภาษากายดิจิทัล -- 1 ภาษากายดิจิทัล คือ อะไร -- 2 ทำไมคุณถึงเครียดนัก จับทิศทางในเกมแห่งอำนาจและความวิตกกังวล -- 3 คุณจะบอกอะไร กันแน่ รู้จักอ่านระหว่างบรรทัด -- ส่วนที่สอง กฎสี่ข้อของภาษากายดิจิทัล -- 4 ให้ค่าให้ได้ใจ เคารพฉันบ้าง! -- 5 สื่อสารอย่างใส่ใจ คิดก่อนพิมพ์ -- 6 ร่วมมืออย่างมั่นใจ ทีมเวิร์กในยุคดิจิทัล -- 7 เชื่อใจทั้งหัวใจ สร้างนวัตกรรมใหม่ให้เร็วขึ้นและล้ำขึ้นไปด้วยกัน -- ส่วนที่สาม ข้ามผ่านความแตกต่างด้วยภาษากายดิจิทัล -- 8 เพศสภาพ เขาบอกว่า เธอบอกว่า เขาบอกว่า -- 9 ช่วงวัย หัวเก่า หัวใหม่ -- 10 วัฒนธรรม ความหมายที่หล่นหายเมื่อสื่อสารข้ามภาษา -- บทสรุป.
650 4 _aการสื่อสารด้วยระบบดิจิทัล
_923030
650 4 _aเทคโนโลยีสารสนเทศ
_xแง่สังคม
_939184
650 4 _aการสื่อสารระหว่างบุคคล
_915758
700 0 _aสุญญาตา เมี้ยนละม้าย.
_966328
942 _cGB
_2lcc
996 _ajidapa.t
_bACQSTF
_c2025-06-12
996 _avaree.k
_bLIBSTF
_c2025-06-26
996 _ajamriang.p
_bCATSTF
_c2025-07-21
999 _c106886
_d106886
998 _j1020
_k นางจำเรียง ระวังสำโรง